Altruism, efficiency and the redistribution of income

Na minha lista:
Detalhes bibliográficos
Autor principal: Roberts, Russell
Formato: Livro
Idioma:inglês
Publicado em: Rochester University 1984
Edição:Rev. Ed.
Colecção:Discussion Paper 82-5
Tags: Adicionar Tag
Sem tags, seja o primeiro a adicionar uma tag!

MARC

LEADER 00000nam a2200000 4500
001 c113513
005 20181203150322.4
041 0 |a eng 
044 |a US 
245 1 0 |a Altruism, efficiency and the redistribution of income  |c Russell D. Roberts 
250 |a Rev. Ed. 
264 1 |a Rochester  |b University  |c 1984 
300 |a 30 s. 
490 1 |a Discussion Paper  |v 82-5 
830 0 |a Discussion Paper  |v 82-5 
100 1 |a Roberts, Russell